00384nam a2200133Ia 4500001000400000008004100004020002200045082001900067100002300086245007400109260002300183901002900206999001500235645241024s9999 xx 000 0 und d a978-9945-457-07-0 aRD/336.3/H565d aCésar A. Herrera 0aDe Harmont a Trujillo. Estudio para la historia de la Deuda Pública bAlfa Y Omegac2009 a23/11/2010 11:41:53 a.m. c9665d9665